[Event "DESC PT2001 (RG) email"]
[Site "DESC email"]
[Date "2001.12.25"]
[Round "2.8"]
[White "Schneider, Adam"]
[Black "Stolfa, Bernd"]
[Result "1-0"]
[WhiteElo "1845"]
[BlackElo "2128"]
[PlyCount "59"]
[EventDate "2001.??.??"]
[EventType "swiss (corr)"]
[EventRounds "10"]
[EventCountry "GER"]
[SourceTitle "Corr 2004"]
[Source "ChessBase"]
[SourceDate "2003.04.28"]
[SourceVersion "3"]
[SourceVersionDate "2003.04.28"]
[SourceQuality "1"]

1. d4 Nf6 2. c4 e6 3. Nf3 Bb4+ 4. Bd2 c5 5. Bxb4 cxb4 6. e3 0-0 7. Bd3 d6 8. Nbd2 a5 9. 0-0 Qe7 10. Qc2 b6 11. Ne4 Nbd7 12. a3 bxa3 13. bxa3 Ba6 14. Rfb1 Rab8 15. Rb3 Nxe4 16. Bxe4 h6 17. Bh7+ Kh8 18. Bd3 Rbc8 19. Rc3 Rc7 20. Rc1 Rfc8 21. Qb3 Bb7 22. Nd2 e5 23. d5 Rb8 24. Bf5 Nc5 25. Qc2 Qg5 26. Rb1 Ba6 27. Bd3 Qg4 28. h3 Qh4 29. Ne4 b5 30. Nxc5 1-0